Statistiques concernant Pays les plus proches du Bangladesh

Cliquez ici pour prendre le quiz!

Statistiques générales

  • Ce quiz a été pris 38 fois
  • Le résultat moyen est 17 sur 20

Statistiques - réponses

kmpays% Correct
0Inde
100%
1407Pakistan
94%
985Viêt Nam
94%
94Chine
91%
780Laos
91%
22Népal
91%
579Thaïlande
91%
1741Afghanistan
88%
0Birmanie
88%
1719Indonésie
85%
1628Sri Lanka
85%
43Bhoutan
82%
1330Cambodge
79%
2111Ouzbékistan
79%
1888Kazakhstan
76%
1871Kirghizistan
74%
1779Malaisie
71%
1725Tadjikistan
71%
2266Turkménistan
71%
1932Mongolie
65%

Distribution des résultats

Percentile par nombre de réponses

% des personnes avec chaque résultat

Votre développement - résultats

Vous n’avez pas pris ce quiz